000 01106nam a2200205Ia 4500
008 220216s9999 xx 000 0 und d
100 _aDamodaran K
245 0 _aProduction of quality sawn timber from rubberwood logs: Some critical aspects
260 _bWood News
_c1998
300 _a35-40
520 _aValue-oriented utilisation of rubberwood primarily lies in evolving and adopting cost effective sawmilling technologies. This can be achieved by: Improving the present sawmilling practices for higher volume and value recovery of sawn timber. Employing sawmilling machinery and equipment suitable for small diameter logs. Adopting appropriate log grading, grade sawing and sawn timber grading practices. This is essential for a species like rubberwood which is projected as a potential wood for several sophisticated end uses apart from its present major usage as a packing timber.
650 _aGrade sawing
650 _aLog grading
650 _aRubberwood
650 _aSawing variation
650 _aSawmilling machinery
650 _aSeasoning
650 _aTreatment
942 _cBO
999 _c48184
_d48184